Jurassic Park Groups of Things - Statistics

General Stats
  • This quiz has been taken 190 times
  • The average score is 13 of 30
Answer Stats
Hint Answer % Correct
Carnivores Tyrannosaurus Rex
98%
Carnivores Velociraptor
93%
Carnivores Spinosaurus
74%
Carnivores Indominus Rex
58%
Carnivores Dilophosaurus
57%
Carnivores Compsognathus
56%
Dinosaur Attack Sites Isla Nublar
56%
Dinosaur Attack Sites Isla Sorna
55%
Carnivores Carnotaurus
51%
Carnivores Allosaurus
50%
Major Antagonists Dennis Nedry
50%
Carnivores Indoraptor
50%
Jurassic Park 3 Mercenaries Cooper
47%
Jurassic Park 3 Mercenaries Udesky
43%
Jurassic Park 3 Mercenaries M. B. Nash
42%
Carnivores Ceratosaurus
40%
The Lost World InGen Expedition Members (Named) Peter Ludlow
40%
Major Antagonists Peter Ludlow
40%
Dinosaur Attack Sites San Diego
38%
The Lost World InGen Expedition Members (Named) Roland Tembo
37%
The Lost World InGen Expedition Members (Named) Dieter Stark
36%
Carnivores Baryonyx
35%
The Lost World InGen Expedition Members (Named) Carter
30%
The Lost World InGen Expedition Members (Named) Ajay Sidhu
28%
Major Antagonists Dr. Henry Wu
27%
Major Antagonists Vic Hoskins
26%
The Lost World InGen Expedition Members (Named) Robert Burke
24%
Major Antagonists Eli Mills
22%
Dinosaur Attack Sites Lockwood Manor
22%
Major Antagonists Ken Wheatley
11%
No matching quizzes found
Score Distribution
Percent of People with Each Score
Percentile by Number Answered
Your Score History
You have not taken this quiz